Instalaciones y equipo eléctrico para la industria / (Record no. 92545)

MARC details
000 -LEADER
campo de control de longitud fija 00876nam a2200265 i 4500
001 - NÚMERO DE CONTROL
campo de control 92545
003 - IDENTIFICADOR DE NÚMERO DE CONTROL
campo de control ES-MaACL
005 - FECHA Y HORA DE LA ÚLTIMA TRANSACCIÓN
campo de control 20230914143502.0
007 - CAMPO FIJO DE DESCRIPCIÓN FÍSICA--INFORMACIÓN GENERAL
campo de control de longitud fija t|
008 - DATOS DE LONGITUD FIJA--INFORMACIÓN GENERAL
campo de control de longitud fija 050310s1978 sp ||||1| spa d
100 1# - ENTRADA PRINCIPAL--NOMBRE DE PERSONA
Nombre de persona Lipkin, Boris lul`evich.
9 (RLIN) 72494
245 10 - MENCIÓN DEL TÍTULO
Título Instalaciones y equipo eléctrico para la industria /
Mención de responsabilidad, etc. B. Yu Lipkin; [traducción Joaquin Purroy Compte, Ramón Soliva Gasa].
250 ## - MENCION DE EDICION
Mención de edición [1ª ed.].
260 ## - PUBLICACIÓN, DISTRIBUCIÓN, ETC.
Lugar de publicación, distribución, etc. Barcelona :
Nombre del editor, distribuidor, etc. Labor,
Fecha de publicación, distribución, etc. [1978]
300 ## - DESCRIPCIÓN FÍSICA
Extensión XI, 365 p. :
Otras características físicas il. ;
Dimensiones 20 cm.
490 1# - MENCIÓN DE SERIE
Mención de serie Nuevos manuales técnicos Labor ;
Designación de volumen o secuencia 46
504 ## - NOTA DE BIBLIOGRAFÍA, ETC.
Nota de bibliografía, etc. Indices.
700 1# - ENTRADA AGREGADA--NOMBRE PERSONAL
Nombre de persona Purroy Compte, Joaquín.
9 (RLIN) 94422
700 1# - ENTRADA AGREGADA--NOMBRE PERSONAL
Nombre de persona Soliva Gasa, Ramón.
9 (RLIN) 107222
830 0# - PUNTO DE ACCESO ADICIONAL DE SERIE-TÍTULO UNIFORME
Título uniforme Nuevos manuales técnicos Labor ;
Designación de volumen o secuencia 46
9 (RLIN) 181525
852 ## - LOCALIZACIÓN
Ubicación ES-MaACL
Número de control de estantería A-10413
Sublocalización o colección R.99266
852 ## - LOCALIZACIÓN
Ubicación ES-MaACL
Número de control de estantería L-9891
Sublocalización o colección R.112141
942 ## - ELEMENTOS DE ENTRADA SECUNDARIOS (KOHA)
Fuente del sistema de clasificación o colocación Clasificación decimal universal
Holdings
Estatus retirado Estado de pérdida Fuente del sistema de clasificación o colocación Estado de daño Restricciones de uso No para préstamo Biblioteca de origen Biblioteca actual Ubicación en estantería Fecha de adquisición Total de préstamos Signatura topográfica completa Código de barras Visto por última vez Copia número Precio de reemplazo Tipo de ítem Koha
    Clasificación decimal universal   Duplicado   Biblioteca del Ateneo de Madrid Biblioteca del Ateneo de Madrid Depósito 1 17/01/2008   A-10413/Ej.1 1096617 23/02/2023 Ejemplar 1 23/02/2023 Libro impreso
    Clasificación decimal universal       Biblioteca del Ateneo de Madrid Biblioteca del Ateneo de Madrid Depósito 2 17/01/2008   L-9891 1096622 23/02/2023   23/02/2023 Libro impreso